| 000 | 02642nam a2200289 a 4500 | ||
|---|---|---|---|
| 001 | 000015136 | ||
| 003 | DO-SdBNP | ||
| 005 | 20250219074027.0 | ||
| 008 | 100201s2006 dr r 001 0 spa d | ||
| 020 | _a9789945160802 | ||
| 040 |
_aDO-SdBNP _bspa _cBNPHU |
||
| 082 | 4 |
_aRD861.44 _bP438a _222 |
|
| 100 | 1 |
_aPérez, Isael, _d1961- _91414 |
|
| 245 | 1 | 0 |
_aA la intemperie : _bantología de poetas de la provincia El Seibo / _cIsael Pérez. |
| 260 |
_aSanto Domingo : _bBúho, _c2006. |
||
| 300 |
_a152 p. ; _c22 cm. |
||
| 500 | _aIncluye referencias bibliográficas y notas al pie de las páginas | ||
| 500 | _aIncluye bibliografía del autor en la solapa | ||
| 505 | 2 | _aPresentación -- Última despedida /Rafael Pérez de Castro -- A la virgen de La Altagracia / Servando Morel -- Don Servando / León Beras Zorrilla -- ¿Por qué? / José María Beras Trinidad -- El buey / Quiterio Berroa Canelo -- Las campanas de mi idea / Sergio Augusto Beras -- Ensueño. Preludio espiritual / Valentín Giró -- San Francisco de Asís entre los pájaros/ Emilio A. Morel -- Mariposas / Juan José Sánchez -- Himno a la bandera / Pilar Constanzo -- Hallazgo / Rafael Augusto Zorrilla -- Deseos / Eloína Constanzo -- Himno a la Santísima Cruz / Víctor Bienvenido Beras -- Distancias / Miriam Beras Porrata -- Despedida / Pantolín de Castro Beras -- ¡Denuncia oh mar tus justas iras! / Enriquillo Evangelista -- Amor / Juan Demóstenes Cotes Morales -- No entiendon / Europa Delgado Marte -- Tus ojos / Milcíades Tavarez Mercedes -- Vivencias / Portalatina Taveras -- Flagelum Dei / Juan Carlos Mieses -- Las bestias del olivo / Cecilio Díaz Carela -- Amor / Rafael Peralta Romero -- De siglo a siglo / Liduvina Paulina -- La figura del Maestro /Agustina Febles Eusebio -- Acuarela / Aquiles Julián -- El miedo / Francisco Evangelista Rivera -- Llanto seco / Sélvido Candelaria -- La calle / Marcial Mota -- Ausencia de ti / José Joaquín Moreno Guzmán -- Amparo / Fernando Abad -- Poema 16 / Diógenes Abreu -- Hechizos de la Hybris / Plinio Chahín -- El lamento de Ulises / Carlos Roberto Gómez Beras -- Tú me haces falta / Heriberto Paredes -- Palpitación del beso / Gabino Severino -- Eres / William Peguero Mora -- Ganas sucias / Vicente Beras -- Pasión / Luis M. Amparo Rijo. | |
| 590 | _aInventariado, 2018/LP | ||
| 650 | 4 |
_aPoesía dominicana _9351 _vColecciones |
|
| 650 | 4 |
_aPoesía dominicana _xAntologías literarias _934240 |
|
| 650 | 0 |
_aLiteratura dominicana. _967 |
|
| 651 | 4 |
_aEl Seibo (República Dominicana) _xAntologías literarias _934241 |
|
| 910 | _aValidado. Control de calidad. MMOLINA | ||
| 942 |
_2ddc _cLBS1 |
||
| 999 |
_c14708 _d14708 |
||